Геодезическая астрономия. Определения долгот пунктов и азимутов: учебное пособие

Dades bibliogràfiques
Autor principal: Пандул И. С. Игорь Садукович
Autor corporatiu: Санкт-Петербургский государственный горный институт им. Г. В. Плеханова (технический университет) (СПбГГИ (ТУ))
Sumari:Настоящее учебное пособие продолжает обзор работ специалистов по геодезической астрономии (см. И.С.Пандул. Геодезическая астрономия. Широтные определения; Учеб. пособие / И.С.Пандул. Санкт-Петербургский государственный горный институт (технический университет). СПб, 2006. 58 с. + 2 вклейки). Кратко изложены теоретические основы и практические приемы определения долгот мест и азимутов направлений на земной поверхности. Приведены формулы для вычислений и числовые примеры. Пособие предназначено для студентов специальности 120101 «Прикладная геодезия», изучающих курс «Геодезическая астрономия» и проходящих летнюю астрономическую практику. Может быть также использовано студентами физиками и географами, в программах обучения которых имеются курсы астрономии.
Idioma:rus
Publicat: СПб., Изд-во СПбГГИ, 2007
Matèries:
Format: MixedMaterials Llibre
KOHA link:https://koha.lib.tpu.ru/cgi-bin/koha/opac-detail.pl?biblionumber=130305

MARC

LEADER 00000nam0a2200000 4500
001 130305
005 20231031133845.0
010 |a 9785942113162 
035 |a (RuTPU)RU\TPU\book\141127 
090 |a 130305 
100 |a 20080201d2007 m y0rusy50 ca 
101 0 |a rus 
102 |a RU 
105 |a a j 000zy 
200 1 |a Геодезическая астрономия. Определения долгот пунктов и азимутов  |e учебное пособие  |f И. С. Пандул  |g Санкт-Петербургский государственный горный институт им. Г. В. Плеханова (технический университет) (СПбГГИ (ТУ)) 
210 |a СПб.  |c Изд-во СПбГГИ  |d 2007 
215 |a 73 с.  |c ил. 
330 |a Настоящее учебное пособие продолжает обзор работ специалистов по геодезической астрономии (см. И.С.Пандул. Геодезическая астрономия. Широтные определения; Учеб. пособие / И.С.Пандул. Санкт-Петербургский государственный горный институт (технический университет). СПб, 2006. 58 с. + 2 вклейки). Кратко изложены теоретические основы и практические приемы определения долгот мест и азимутов направлений на земной поверхности. Приведены формулы для вычислений и числовые примеры. Пособие предназначено для студентов специальности 120101 «Прикладная геодезия», изучающих курс «Геодезическая астрономия» и проходящих летнюю астрономическую практику. Может быть также использовано студентами физиками и географами, в программах обучения которых имеются курсы астрономии. 
610 1 |a геодезическая астрономия 
610 1 |a учебные пособия 
610 1 |a долгота 
610 1 |a определение 
610 1 |a время 
610 1 |a хронометры 
610 1 |a способ Цингера 
610 1 |a азимут направления 
610 1 |a звезды 
610 1 |a Солнце 
610 1 |a светила 
675 |a 528.28(075.8)  |v 3 
700 1 |a Пандул  |b И. С.  |g Игорь Садукович 
712 0 2 |a Санкт-Петербургский государственный горный институт им. Г. В. Плеханова (технический университет) (СПбГГИ (ТУ))  |2 stltpush  |3 (RuTPU)RU\TPU\col\54 
801 1 |a RU  |b 63413507  |c 20080201  |g PSBO 
801 2 |a RU  |b 63413507  |c 20080208  |g PSBO 
942 |c BK